000 01424cam a2200337 i 4500
001 21339293
003 OSt
005 20250212140103.0
008 191217s2020 miu b 001 0 eng
010 _a 2019054766
020 _a9780802876676
_q(hardcover)
040 _aDLC
_beng
_cDLC
_erda
_dDLC
042 _apcc
050 0 0 _aBS2805.53.K78 2020
_b18982
082 0 0 _a227/.94077
_223
100 1 _aKruse, Colin G.,
_eauthor.
245 1 4 _aThe letters of John /
_cColin G. Kruse.
250 _aSecond Edition.
264 1 _aGrand Rapids, Michigan :
_bWilliam B. Eerdmans Publishing Company,
_c2020.
300 _axxiii, 282 pages ;
_c24 cm
336 _atext
_btxt
_2rdacontent
337 _aunmediated
_bn
_2rdamedia
338 _avolume
_bnc
_2rdacarrier
490 0 _aThe Pillar New Testament commentary
504 _aIncludes bibliographical references and indexes.
520 _a"Explains the meaning of John's letters and introduces the important issues involved in interpreting the Johannine letters, giving verse-by-verse comments, and providing discussion of John's major theological themes."--
_cProvided by publisher.
630 0 0 _aBible.
_pEpistles of John
_vCommentaries.
906 _a7
_bcbc
_corignew
_d1
_eecip
_f20
_gy-gencatlg
942 _2ddc
_cBK
_n0
999 _c15147
_d15147